Modern english workbook

Zapisane w:
Opis bibliograficzny
1. autor: Gorrell, Robert M.
Format: Książka
Język:Undetermined
Wydane: Estados Unidos Prentice-Hall 1963
Wydanie:2
Hasła przedmiotowe:
Etykiety: Dodaj etykietę
Nie ma etykietki, Dołącz pierwszą etykiete!

MARC

LEADER 00000nam a2200000Ia 4500
008 170316s9999 xx 000 0 und d
090 |a 415-I G-3mo 
100 |a Gorrell, Robert M. 
245 |a Modern english workbook 
250 |a 2 
260 |a Estados Unidos 
260 |b Prentice-Hall 
260 |c 1963 
300 |a 213 páginas 
650 |a GRAMÁTICA INGLESA 
999 |c 19385  |d 19385 
040 |a cru BVZT 
942 |c 15 D  |h 415-I G-3mo  |2 z